The pit-and-groove petroglyph style in southern California /

Bibliographic Details
Main Author: Minor, Rick
Format: Book
Language:English
Published: San Diego : San Diego Museum of Man, 1975.
Series:Ethnic technology notes ; no. 15.
Subjects:

MARC

Tag First Indicator Second Indicator Subfields
LEADER 00000cam a2200000 i 4500
001 in00000665190
005 20151015080149.0
008 800326s1975 cauaf b 00010 eng
010 |a  80462343  
035 |a (OCoLC)02711988 
035 |9 ACX5987AM 
040 |a DLC  |c DLC  |d TXA  |d UtOrBLW 
043 |a n-us-ca 
049 |a TXAM  |c 1 [931246], 2 [274700] 
050 0 0 |a E78.C15  |b E8 no. 15 
082 0 |a 390 s  |a 979.4/01 
100 1 |a Minor, Rick. 
245 1 4 |a The pit-and-groove petroglyph style in southern California /  |c by Rick Minor. 
264 1 |a San Diego :  |b San Diego Museum of Man,  |c 1975. 
300 |a 22 pages, 5 unnumbered leaves of plates :  |b illustrations ;  |c 29 cm. 
336 |a text  |b txt  |2 rdacontent 
337 |a unmediated  |b n  |2 rdamedia 
338 |a volume  |b nc  |2 rdacarrier 
490 1 |a Ethnic technology notes ;  |v no. 15 
504 |a Bibliography: pages 19-22. 
650 0 |a Indians of North America  |z California  |x Antiquities. 
650 0 |a Petroglyphs  |z California. 
651 0 |a California  |x Antiquities. 
830 0 |a Ethnic technology notes ;  |v no. 15. 
999 |a MARS 
999 f f |s 5dca5db8-6f9b-30ea-87b9-de066a6ff199  |i cfe10b48-2e55-334e-8502-049db4603792  |t 0 
952 f f |p ric  |a Texas A&M University  |b Rellis Campus  |c Joint Library Facility  |d Remote Storage  |t 0  |e E78.C15 E8 no. 15  |h Library of Congress classification  |i unmediated -- volume  |m A14802126011 
998 f f |a E78.C15 E8 no. 15  |t 0  |l Remote Storage